000 01814cam a22004214i 4500
003 PE-LiUPU
005 20250731172912.0
008 150617s r 000 0 d
035 _a(Sirsi) a16911
040 _aPE-LiUPU
_bspa
_cPE-LiUPU
_erda
049 _aPRUA
082 0 4 _a267.626732
_bB711j
_223
100 1 _aBond, C. Lester,
_eautor.
245 1 4 _aThe junior missionary volunteer handbook /
_cpreparado por The Young People's Department of Missionary Volunteers of the General Conference of Seventh-day Adventists, por C. Lester Bond C.
264 1 _aTakoma Park, Washington :
_bReview and Herald Publishing Assn.,
_c1945.
300 _a223 páginas ;
_c16 centímetros.
336 _atext
_2rdacontent
337 _aunmediated
_2rdamedia
338 _avolume
_2rdacarrier
505 0 _aWho is a junior missionary volunteer?. -The progressive classes. -The plan of organization. -M. V. uniforms. -The junior M. V. pledge and law. -Friend requirement. -Companion requirements. -Comrade requirements. -Vocational honors. -Honors in arts and crafts. -Honors in household arts. -Honors in mechanics. -Honors in missionary endeavor. -Honors in nature study. -Honors in outdoor industries. -Honors in recreational pursuits. -Master comrade requirements. -Indoor games. -Outdoor games.
526 _aSEG42
526 _aSEG41
526 _aSEG40
526 _aSEG39
526 _aP94
526 _aP87
526 _aP86
526 _aP85
526 _aP77
526 _aP76
526 _aP35
610 1 4 _aIglesia Adventista del Séptimo Día
_94265
_xTrabajo de iglesia con jóvenes.
650 2 4 _aTrabajo de iglesia con jóvenes
910 _ajck
942 _2ddc
_cBK
980 _81
_gALBERTO SANCHEZ Responsable de Automatización
999 _c16432
_d16432